Komunikácia vo vzťahu k interkultúrnemu pracovnému prostrediu

Komunikácia podniku prebieha na všetkých úrovniach a stupňoch. Trendy v komunikačnom procese v podnikoch s multikultúrnou organizačnou štruktúrou. Ak spoločnosť zvládne správne používať zásady komunikácie, vyhne sa komunikačným šumom a bariéram, ktoré sú špecifické najmä pre podniky s multikultúrnou...

Descrizione completa

Salvato in:
Dettagli Bibliografici
Autore principale: Trnovcová, Daniela
Natura: Capitolo di libro
Lingua:slovacco
Soggetti:
Tags: Aggiungi Tag
Nessun Tag, puoi essere il primo ad aggiungerne!!

MARC

LEADER 00000naa$a2200000$$$4500
001 0216515
005 20240502073617.0
041 0 |a slo 
044 |a SK 
245 1 0 |a Komunikácia vo vzťahu k interkultúrnemu pracovnému prostrediu  |c Daniela Trnovcová 
520 |a Komunikácia podniku prebieha na všetkých úrovniach a stupňoch. Trendy v komunikačnom procese v podnikoch s multikultúrnou organizačnou štruktúrou. Ak spoločnosť zvládne správne používať zásady komunikácie, vyhne sa komunikačným šumom a bariéram, ktoré sú špecifické najmä pre podniky s multikultúrnou účasťou zamestnancov a manažmentu a mohli by podniku zásadne uškodiť. 
610 2 0 |a podnik 
610 2 0 |a podnik multinacionálny 
610 2 0 |a komunikácia interkultúrna 
610 2 0 |a technológie komunikačné 
100 1 |a Trnovcová, Daniela